Dôverník ROH - august
| Format: | Article |
|---|---|
| Language: | Slovak |
| Subjects: |
MARC
| LEADER | 00000nab a2200000 a 4500 | ||
|---|---|---|---|
| 001 | vtls000358416 | ||
| 003 | SK-MaSNL | ||
| 005 | 20260302223647.0 | ||
| 008 | 190108c1989 xo 0 slo | ||
| 015 | |a SNBRB19rr/mm-uuuuu | ||
| 035 | |a CL0358538 | ||
| 040 | |a SNKBUCL |b slo |c SNKBUCL |e AACR2 | ||
| 041 | 0 | |a slo | |
| 044 | |a xo |c SK | ||
| 080 | |a 331.88(437) |2 1981 | ||
| 245 | 0 | 0 | |a Dôverník ROH - august |
| 610 | 2 | 7 | |a Revolučné odborové hnutie |2 SNKKA |9 36449 |
| 655 | 7 | |a články z novín a časopisov |2 snkbucl |9 267496 | |
| 773 | 0 | |t Práca |g Roč. 44, č. 173 (25. 7. 1989), s. 4 | |
| 850 | |a Slovenská národná knižnica v Martine |a MTA001 | ||
| 852 | |a SNK |b KIS3GCP | ||
| 958 | |a RK | ||
| 992 | |a RBX | ||
| 999 | |c 1521291 |d 1523221 | ||


